Loading...
| Literature - World | 0 | 7 | 0 | 0 | 70 | 77 | 102.43 | 0 | 1 | 16.82 | 37.19 |
| Literature - European | 0 | 5 | 1 | 0 | 45 | 84 | 92.00 | 0 | 4 | 15.56 | 36.69 |
| Literature - British | 0 | 4 | 0 | 0 | 40 | 52 | 90.50 | 0 | 1 | 14.37 | 18.76 |
| Science - Other | 0 | 4 | 0 | 1 | 40 | 51 | 97.75 | 0 | 1 | 8.26 | 20.08 |
| Science - Physics | 0 | 3 | 0 | 1 | 30 | 64 | 93.33 | 1 | 2 | 4.54 | 15.87 |
| Literature - American | 0 | 3 | 1 | 1 | 25 | 91 | 109.00 | 0 | 0 | 5.56 | 15.12 |
| Fine Arts - Classical Music | 0 | 2 | 0 | 0 | 20 | 111 | 117.00 | 0 | 0 | 1.86 | 5.79 |
| Philosophy | 0 | 2 | 0 | 1 | 20 | 102 | 106.50 | 0 | 0 | 1.17 | 4.55 |
| History - American | 0 | 2 | 0 | 0 | 20 | 88 | 96.50 | 0 | 0 | 3.58 | 7.85 |
| Current Events | 0 | 1 | 0 | 0 | 10 | 80 | 80.00 | 0 | 0 | 11.11 | 18.18 |
| History - European | 0 | 1 | 0 | 0 | 10 | 76 | 76.00 | 0 | 0 | 3.69 | 5.79 |
| History - Other | 0 | 1 | 0 | 1 | 10 | 122 | 122.00 | 0 | 0 | 0.00 | 0.83 |
| Science - Chemistry | 0 | 1 | 1 | 0 | 5 | 97 | 97.00 | 0 | 0 | 0.00 | 1.65 |
| Science - Biology | 0 | 1 | 1 | 1 | 5 | 107 | 107.00 | 0 | 0 | 0.08 | 4.13 |
| Mythology | 0 | 1 | 1 | 0 | 5 | 105 | 105.00 | 0 | 0 | 1.33 | 2.48 |
| Social Science | 0 | 0 | 1 | 0 | -5 | 0.00 | 0 | 0 | 0.00 | 0.00 | |
| History - World | 0 | 0 | 1 | 0 | -5 | 0.00 | 0 | 0 | 0.00 | 0.00 | |
| Popular Culture | 0 | 0 | 1 | 0 | -5 | 0.00 | 0 | 0 | 0.00 | 0.00 | |
| Fine Arts - Other | 0 | 0 | 1 | 0 | -5 | 0.00 | 0 | 0 | 0.00 | 0.00 |